Регионална библиотека "Любен Каравелов" - Русе

Философия, как мышление о мире сообразно принципу наименьшей меры сил (Запис номер 159026)

MARC детайли
000 -Лидер
Контролно поле с фиксирана дължина nam a22 a 4500
003 - Код на организацията, давaща контролен номер
Контролно поле BLK
005 - Дата и час на последна редакция
Контролно поле 20201026102418.0
008 - Елементи от данни с фиксирана дължина
fixed length control field 180410b bul|||||r ||||||| ||bul||
010 ## - Наследен системен номер
LC control number KNG00166085000
040 ## - Източник на каталожния запис
Идентификатор на билиотеката - собственик на записа BLK
041 ## - Код за език
Код за езика на текст/звукозапис или на отделно заглавие Руски
Код за езика КДБФ Руски
072 #7 - Код за тематичната категория
Код организация bullib
Код за тематична категория Ц
Текст Редки и ценни
080 ## - УДК
Текстов определител УДК Същност на философията. Философията като наука
УДК код - определител по УДК 101.1
УДК - код + определител 101.1
100 1# - Редна дума - Автор
Автор Авенариус, Рихард
Авторска отговорност първи автор
R(LIN) 322740
139 ## - Редно поле
Редна дума Авенариус, Рихард
Авторски знак Аве - А 18
245 10 - Сведения за заглавието
Заглавие Философия, как мышление о мире сообразно принципу наименьшей меры сил
Подзаглавни данни Prolegomena к Критике чистого опыта
Редно поле (дума) Рихард Авенариус; прев. Иван Федоров; под ред. на М. Филиппов.
246 11 - Различни форми на заглавието
Паралелно заглавие Philosophie als Denken der Welt gemass dem Princip des kleinsten Kraftmasses.
257 ## - Страна на издаване
Страна на създаване/издаване Германия
260 ## - Област на издателските данни
Име на издателя, разпространителя и проч. Петр Петрович Сойкин
Година на издаване 1899
Място на издаване, разпространение и проч. Санкт-Петербург
300 ## - Физическа характеристика
Страници 50 с.
Размери/Мащаб 24 см
380 ## - Жанр
Жанр Философия
490 1# - СЕРИИ (Колекции)
Име на серия Научно-философская библиотека
490 ## - СЕРИИ (Колекции)
Име на серия Колекция Редки и ценни издания
9 (RLIN) 435080
650 #4 - Допълнително описание по предмет – тема
Основно описание – тема или топоним Философия - методология
9 (RLIN) 257982
653 ## - Ключова дума – ненормативна
Ключова дума философия
653 ## - Ключова дума – ненормативна
Ключова дума философски категории
659 ## - Тематичен бюлетин
Тематичен бюлетин Ц
700 1# - Други автори (авторска отговорност)
Лично име Федоров, Иван
Автороска отговорност (Описва отношението между автора и произведението) прев.
9 (RLIN) 381516
700 1# - Други автори (авторска отговорност)
Лично име Филиппов, М.
Автороска отговорност (Описва отношението между автора и произведението) под ред. на
9 (RLIN) 381517
852 ## - Местоположение
Форматна сигнатура Рр 899
Фондова буква Редки и ценни
856 4# - Електронен адрес и достъп
Електронен формат pdf - файл
856 4# - Електронен адрес и достъп
Електронен формат pdf - файл
999 ## - СИСТЕМНИ КОНТРОЛНИ НОМЕРА
Koha biblionumber 159026
Koha biblioitemnumber 159026
942 ## - АРТИКУЛИ
Вид на библиотечния материал Книги
Скрит в OPAC Не
Периодичен библиозапис Да
944 ## - СЪЗДАВАНЕ И РЕДАКЦИЯ на ЗАПИСА
Създаване/Редакция Създаване
Дата на регистрацията/редакция 15.10.2014
Служител, извършил регистрацията/редакцията Наталия_Медовщикова
944 ## - СЪЗДАВАНЕ И РЕДАКЦИЯ на ЗАПИСА
Създаване/Редакция Редакция
Дата на регистрацията/редакция 15.10.2014
999 ## - СИСТЕМНИ КОНТРОЛНИ НОМЕРА
Koha biblioitemnumber 159026
Наличности
Код за отписване Код за изгубен артикул Източник на класификационната схема Код за повреда Коз за рестрикции Код за отдаване Артикулен № Име на библиотеката - собственик Име на библиотеката, в която се намира в момента Статус (Текущо местоположение) Дата на вписване в системата Местоположение - отдел Цена в лева Инвентарен номер Систематично азбучна сигнатура Баркод Номер на екземпляра Цена в евро Служебна бележка Служебен тип на артикула
  Не е изгубен Universal Decimal Classification Не е повреден само за читалня Специални фондове ( старопечатни, редки и ценни, фонд М. Арнаудов) 265739 Регионална библиотека "Любен Каравелов" Русе Регионална библиотека "Любен Каравелов" Русе Редки и ценни 1958-01-01 Редки и ценни 0.10 11460/58 Рр 899 900000037627 1 0.05 Дост: Pk N: стар фонд Дата: 01.01.1958 Дата инв: 02.04.2018 Бележки инв: Рц2018 Книги
Vip Innovations Ltd, Rousse, Bulgaria 2025